| 000 | 00557nam a22001697a 4500 | ||
|---|---|---|---|
| 003 | OSt | ||
| 005 | 20171010095452.0 | ||
| 008 | 120627t xxu||||| |||| 00| 0 eng d | ||
| 040 |
_aMMSU _cULS |
||
| 100 |
_aDavid, Ramon Jr. I. _910830 |
||
| 245 |
_aClassroom interactions in content-subject areas _cRamon, David Jr. I. |
||
| 260 | _c2008 | ||
| 300 |
_ax, [47] leaves _c28 cm. |
||
| 500 | _aThesis (AB English Studies) -- Mariano Marcos State University-College of Arts & Sciences, Batac City | ||
| 504 | _aBibliography: leaves 45-46 | ||
| 942 |
_2ddc _cTHEDIS |
||
| 999 |
_c9609 _d9609 |
||